England County Quiz - Bedfordshire - Statistics

General Stats
  • This quiz has been taken 216 times
  • The average score is 7 of 15
Answer Stats
Hint Answer % Correct
County town Bedford
92%
Large town which is the location of one of London's major airports Luton
90%
Nickname of the above town's professional football club, due to the town's hat making history The Hatters
70%
Born in Bedfordshire, this person was one half of the 'Two Ronnies' Ronnie Barker
55%
Village perhaps best known as the location of a stately home and a safari park Woburn
52%
Range of hills which runs through the county in a south-west / north-east direction {Chiltern} Hills
51%
Zoo near Dunstable, which has a large chalk image of a lion carved on a nearby hillside Whipsnade
51%
Born in the county in 1628, this preacher is best remembered for 'The Pilgrim's Progress' John Bunyan
44%
This athlete grew up in Bedfordshire and went on to win the London and New York Marathons three times each and also hold the Marathon world record Paula Radcliffe
39%
This USAAF band leader's aircraft left Twinwood Farm in 1944 and was never seen again Glenn Miller
34%
Traditional Bedfordshire dish comprising a suet pastry with meat at one end and jam the other Clanger
27%
Situated in Podington, north Bedfordshire, this is Europe's first permanent drag racing venue Santa Pod
27%
Aviation museum at Old Warden which flies some of the world's oldest aircraft {Shuttleworth} Collection
27%
Village which became a major site for airship development during and after WW1. Two huge hangers remain to this day, one of which was used to build the giant Airlander in 2012 Cardington
21%
Said to be the oldest road in Britain, this ancient track passes through the county on its route between Buckinghamshire and Suffolk {Ìcknield} Way
14%
No matching quizzes found
Score Distribution
Percent of People with Each Score
Percentile by Number Answered
Your Score History
You have not taken this quiz